Loading...
| Fine Arts - Visual | 4 | 4 | 1 | 1 | 95 | 49 | 90.88 | 3 | 6 | 0.00 | 0.00 |
| Fine Arts - Other | 2 | 3 | 0 | 0 | 60 | 39 | 96.20 | 2 | 5 | 0.00 | 0.00 |
| Philosophy | 0 | 5 | 1 | 0 | 45 | 87 | 95.40 | 0 | 1 | 0.00 | 0.00 |
| Literature - British | 1 | 2 | 0 | 0 | 35 | 58 | 104.00 | 2 | 2 | 0.00 | 0.00 |
| Other Academic | 1 | 2 | 0 | 0 | 35 | 75 | 92.00 | 0 | 2 | 0.00 | 0.00 |
| Science - Other | 1 | 2 | 0 | 0 | 35 | 52 | 77.67 | 2 | 3 | 0.00 | 0.00 |
| Science - Chemistry | 1 | 1 | 0 | 1 | 25 | 59 | 92.00 | 0 | 1 | 0.00 | 0.00 |
| Social Science | 1 | 2 | 2 | 1 | 25 | 71 | 112.67 | 0 | 0 | 0.00 | 0.00 |
| Beliefs | 0 | 2 | 0 | 1 | 20 | 139 | 146.00 | 0 | 0 | 0.00 | 0.00 |
| Fine Arts - Classical Music and Opera | 0 | 2 | 0 | 0 | 20 | 129 | 148.50 | 1 | 1 | 0.00 | 0.00 |
| History - US | 1 | 0 | 0 | 0 | 15 | 62 | 62.00 | 0 | 1 | 0.00 | 0.00 |
| Literature - World | 1 | 0 | 0 | 0 | 15 | 27 | 27.00 | 0 | 1 | 0.00 | 0.00 |
| Modern World | 0 | 1 | 0 | 0 | 10 | 78 | 78.00 | 0 | 0 | 0.00 | 0.00 |
| Literature - American | 1 | 0 | 1 | 0 | 10 | 48 | 48.00 | 0 | 1 | 0.00 | 0.00 |
| Science - Physics | 1 | 0 | 1 | 0 | 10 | 102 | 102.00 | 1 | 1 | 0.00 | 0.00 |
| Science - Earth | 0 | 1 | 0 | 0 | 10 | 130 | 130.00 | 0 | 0 | 0.00 | 0.00 |
| Science - Astronomy | 0 | 1 | 0 | 0 | 10 | 99 | 99.00 | 0 | 0 | 0.00 | 0.00 |
| Literature - European | 0 | 0 | 1 | 0 | -5 | 0.00 | 0 | 0 | 0.00 | 0.00 |